00732nam a2200205 a 450000100100000000500170001000800410002702000150006804000250008308200190010810000250012724500300015226000310018230000210021349000390023450400730027383000460034695201170039299900170050900004263320201002040304.0140203s1987 sp 000 0 spa d a8420645141 aDO-SdBNPbspacBNPHU axxxxxxbxxxxxx1 aMetge, Bernat96989810aSueño. /cBernat Metge. aMadrid, :bAlianza,c1987. a123 p. ;c21 cm.1 aBiblioteca de cultura catalanav14 aIncluye referencias bibliográficas y notas al pie de las páginas 0aBiblioteca de cultura catalanan14969899 001050718MOaGRbGRcHDd2014-02-03iLF1l0oxxxxxx xxxxxxp42633-10r2020-06-25w2020-06-25y1ZNo se presta c42122d42122